Statystyki dla Fineasz i Ferb - piosenka z czołówki

Kliknij tutaj aby rozwiązać quiz!

Ogólne statystyki

  • Ten quiz został rozwiązany 681 razy
  • Średni wynik to 15 z 21

Statystyki odpowiedzi

Tekst piosenki% Poprawnych
A z latem {wakacje}
99%
Jak spędzić najlepiej {te} {chwile}... NA PRZY-KŁAD!
96%
I w mózgu {wibracje},
95%
I {czasu} {wolnego} jest tyle.
94%
Gdy {zaczyna} {się} lato
93%
Czy z mumią się {pobić},
89%
Pływać pośród {fal},
87%
{szympansa} szamponem ochlapać.
85%
{Znów} pojawia się problem
85%
Zrobić {rakietę},
80%
Na szczyt {wieży Eiffla} się wdrapać.
78%
{Fineasz} oraz {Ferb} to wszystko zrobią dziś! x2
(Mamo! Fineasz i Ferb znowu hałasują!
76%
Geniusza znaleźć też {mózg}. (Jest tutaj!)
75%
bazgrać na {mapie} coś,
73%
nim będzie się do {szkoły} iść, (Chodź Pepe!)
72%
Za ptakiem {dodo} gnać,
58%
{Roboty} tworzyć też,
56%
Sam {widzisz}, że zrobić {wiele} się da,
43%
I {odkryć} to, czego choć nie ma, to jest, (Hej!)
42%
siostrze wymyślać od {kóz}! (Fineasz!)
36%
więc z {nami bądź},
33%

Rozkład punktacji

Percentyl według liczby udzielonych odpowiedzi

Procent ludzi z każdym wynikiem

Twoja historia wyników

Nie rozwiązałeś tego quizu